000 00854cab a2200265 4500
001 WB2907-76
008 090401t1993 xxu||||| |||| 00| 0 eng d
035 _a(Sirsi) u54852
041 _aeng
245 _aReclamation schemes funding
260 _c1993
350 _a0
490 _aDoE News Release
_v(96) 15 February 1993, (3)
520 _aDetails the funds available through the Derelict Land Grant Programme 1993-94 to aid reclamation schemes prior to the setting up of the Urban Regeneration Agency. Regional allocations.
650 _aASSISTED AREAS
650 _aDERELICT LAND CLEARANCE AREAS
650 _aDERELICT LAND GRANT PROGRAMME
650 _aENGLISH ESTATES
650 _aGRANTS
650 _aLAND RECLAMATION
650 _aURBAN REGENERATION AGENCY
690 _aURBAN RENEWAL
942 _n0
948 _c04/03/1997
999 _c33609
_d33609